[Event "RUS-ch qual 57th"]
[Site "St Petersburg"]
[Date "2004.05.28"]
[Round "7"]
[White "Khalifman, Alexander"]
[Black "Tseshkovsky, Vitaly"]
[Result "1/2-1/2"]
[WhiteElo "2668"]
[BlackElo "2564"]
[Annotator "Hazai,L"]
[PlyCount "121"]
[EventDate "2004.05.21"]
[EventType "swiss"]
[EventRounds "9"]
[EventCountry "RUS"]
[SourceTitle "CBM 102"]
[Source "ChessBase"]
[SourceDate "2004.09.23"]
[SourceVersion "1"]
[SourceVersionDate "2004.09.23"]
[SourceQuality "1"]

1. d4 d6 2. Nf3 g6 3. c4 Nf6 4. Nc3 Bf5 5. d5 c5 ({For} 5... Bg7 6. Nd4 {
- Atalik-Nikolov, Nova Gorica op 2003 CBM}) 6. Nd2 (6. Bg5 {First White wants
to bring his B into action, and only then play Nd2 /\ e4.} Bg7 7. Nd2 h6 8. Bh4
g5 {Black immediately wants to exchange the important dark-squared B.} 9. Bg3
Nh5 10. e4 Bg6 11. Be2 Nxg3 12. hxg3 e6 ({The natural developing move} 12...
Nd7 $5 {deserves attention} 13. f4 (13. Bh5 Bxc3 14. bxc3 Bxh5 15. Rxh5 Qa5 {
with pressure on the weakened pawns of the <<.}) 13... Qa5) 13. dxe6 (13. Bh5)
13... fxe6 14. Bh5 Bxh5 15. Qxh5+ Kd7 (15... Kf8) 16. f4 Nc6 $13 {with immense
complications, Blees-Prie, Paris 1988.}) (6. Nh4 Bd7 7. g3 Bg7 8. Bg2 O-O $13 {
/\ Na6 is more solid leading to positions which may resemble to E64, but the N
has to retreat to f3 after which Black is a tempo ahead.} (8... b5 $5 {is
overoptimistic here. The Benko Gambit type of position is favourable for White.
} 9. cxb5 a6 10. bxa6 Nxa6 11. O-O (11. Rb1 $14 {/\ b3, Bb2 neutralizing
Black's pressure on the <<.}) 11... O-O {(Ree-Prie, Cannes 1990)} 12. Rb1 $1
$14 {/\ b3 as it was mentioned before.})) 6... e5 (6... g5 $6 {is too
extravagant.} 7. e4 Bg6 {(Sacconi-Kluger, Tatatovaros 1935)} 8. Be2 $16 (8. h4
$16) (8. e5 dxe5 9. Nf3 Nbd7 10. Nxg5 Qb6 11. Bd3 Rg8 12. Bxg6 Rxg6 13. O-O h6
14. Nge4 Nxe4 15. Nxe4 Bg7 16. Qf3 $14 {Malakhatko-V.Georgiev, Ohrid 2001})) (
6... Bg7 7. e4 Bd7 {Black doesn't want to lose two tempi.} (7... Bc8 8. f4 $5 {
leading to the Four Pawn Attack is perhaps the best reaction.} (8. Be2 e5 {
radically preventing White from f4.} (8... O-O 9. f4 $5 {Now if Black wants to
attack White's [+], as in the Benoni...} (9. O-O e5 {This is Black's main idea.
Now the N on d2 is rather badly placed, so it is not easy to make profit from
the extra tempi.} 10. Rb1 (10. dxe6 {gives up the [+] and the space advantage.}
Bxe6 11. Nf3 Nc6 {is again leading to E74 positions.} 12. Bf4 Qa5 (12... Re8
$13 {leading to King's Indian Averbakh main lines without h6.}) 13. Qc2 Rfd8
$11 {Parr-Cafferty, Portsmouth 1976}) 10... Na6 {The N is a good defender here.
} 11. a3 Ne8 12. b4 f5 13. Nb3 b6 (13... cxb4 14. axb4 Nxb4 15. Ba3 a5 16. c5
$44 {ruining Black's << for the P.}) 14. bxc5 Nxc5 15. Nxc5 bxc5 16. Bd2 $14)
9... e6 10. O-O exd5 {then after} 11. cxd5 $16 {White is clearly two tempi
ahead!}) 9. g4 (9. O-O O-O {- 8...0-0}) 9... Bh6 $13)) 8. f4 $5 {looks more
precise avoiding e5.} (8. Be2 O-O 9. O-O (9. f4 $5 {again comes into
consideration.}) 9... e5 {was the consistent answer again.} (9... Na6 10. f4 $1
{Now White has an excellent redaction of the Four Pawn Attack!} Ne8 11. Nf3 {
White is totally controlling the [+].} Nac7 12. e5 {Black cannot blow up
neither d5, nor e5.} (12. a4 Rb8 13. Be3 $14 {was also playable.}) 12... Rb8
13. a4 (13. Be3 $14) 13... b6 14. Qe1 e6 15. Be3 $16 {Gelfand-Dizdarevic, New
Delhi/Teheran 2000 CBM 81}) 10. Rb1 (10. Re1 $6 {is completely useless.} Na6
11. Nf1 Nc7 (11... Ne8 $13 {/\ f5}) 12. a4 Nfe8 13. f4 f5 $13 {Sardinha-Geller,
Lugano 1968}) 10... Na6 11. a3 Ne8 12. b4 f5 13. Nb3 b6 {Now the B is better
placed on d7 than c8.} 14. bxc5 dxc5 (14... Nxc5 $5) 15. Bb2 Nd6 {1/2:1/2
Antic-A.Kovacevic, Novi Sad 2000}) 8... O-O 9. Be2 $14 {is similar to the Bc8
positions.}) 7. e4 Bd7 {In this King's Indian position the N on d2 is not
particularly well-placed.} 8. Be2 (8. a3 Na6 {The N is passive on a6, but
defends the <<, especially >< c5 very well.} 9. Rb1 h5 (9... Bh6 $5 {
exchanging the "bad" B is a typical strategy here.}) 10. Nf3 Be7 (10... Bh6 $5)
11. h3 h4 {This closes the >> for White's favour.} (11... Nh7) 12. b4 Nh5 13.
Be3 b6 14. Qd2 Kf8 15. Bd3 Kg7 16. O-O $14 {Scalcione-V.Georgiev, Reggio
Emilia 2002}) 8... Bg7 (8... Bh6 $5 {deserves attention again.}) 9. a3 (9. O-O
O-O {- 6...Bg7}) (9. g4 {only weakens the dark squares after} Bh6) 9... Na6 10.
h4 {/\ h5 preventing Black from any activity on the >>.} (10. Rb1 $14 {/\ b4})
10... h5 (10... Bh6 {allows} 11. h5 (11. g4 Bf4 12. g5 Ng8 {White has gained
some space but Black will blow up the position by ...h7-h6.} 13. Bg4 Bxg4 14.
Qxg4 h6 $132) 11... Kf8 12. Rb1 Kg7 13. b4 $14) 11. Nf1 (11. Rb1 Bh6 12. b4 Kf8
) 11... Nh7 (11... Bh6 12. Bxh6 (12. Ne3 O-O) 12... Rxh6 {and in this closed
position it is not easy to find a breakthrough for White.}) 12. Be3 Nc7 {
Black is waiting with castles.} (12... O-O 13. Qc2 (13. g4 hxg4 14. Bxg4 f5
$132) 13... Qe8 (13... Be8 14. g4 hxg4 15. Bxg4 $40) (13... f5 14. exf5 gxf5
15. Bxh5 f4 16. Bg6 $16) 14. Nb5 $1) 13. Qd2 b6 (13... O-O $5 14. b4 (14. O-O-O
{runs into Black's << -> after} a6 {/\ b5}) (14. g4 hxg4 15. h5 Bf6 {and White
has no real attacking chances on the >>.}) 14... b6) 14. g3 Qe7 $6 {Black is
waiting a bit too much with ...0-0.} (14... O-O {looked more logical.} 15. g4
hxg4 16. h5 Bf6) 15. O-O-O Rb8 16. Nh2 $6 (16. Nb5 $5) (16. Kb1 $5 b5 17. Bxc5
$1 {Here we see the drawback of 14...Qe7.} a5 18. Ba7 Rb7 19. cxb5 {looks much
better for White than in the game.}) 16... b5 $1 {Black deliberately
sacrifices a P in order to open up the lines against the white K.} 17. Bxc5 {
Was this an oversight?} a5 $1 {Probably not, Black has good counterchances on
the <<.} (17... dxc5 $2 18. d6 $16) 18. Be3 (18. Ba7 Rb7 19. Be3 (19. cxb5 Nxb5
20. Nxb5 Bxb5 21. Bxb5+ Rxb5 $44) 19... b4 20. axb4 axb4 21. Na2 b3 (21... Na6
22. Kb1) 22. Nb4 O-O $44) 18... b4 19. axb4 axb4 20. Na2 Na6 (20... b3 $5 {
deserved serious attention, for example:} 21. Nb4 Ra8 22. Kb1 O-O $44) 21. b3
O-O (21... Nc5 22. Qc2 f5 $44 {looks also promising.}) 22. f3 (22. g4 $2 hxg4
23. Nxg4 Bxg4 24. Bxg4 f5 $17 {loses material.}) 22... f5 23. Kb1 f4 {Black
wants to create a stronghold on f4.} (23... Nc5 $5 24. Bxc5 dxc5 {and the lack
of the vital e3 B gives Black ample play.}) 24. Bf2 (24. gxf4 exf4 25. Bd4 Nc5
26. Bxg7 Qxg7 27. Qb2 Nf6 {succesfully blockading the dark squares.}) 24...
fxg3 25. Bxg3 Nc5 26. Kb2 Rf7 (26... Rf4 $5 {is a typical positional exchange
sacrifice in this type of position.}) 27. Ra1 Be8 28. Nc1 Qf8 {preparing the
doubling on the a <->.} 29. Qd1 Bh6 30. Nf1 Nf6 31. Nd3 Nfd7 32. Nxc5 Nxc5 $44
{Black controls all the vital squares, White's pieces are extremely passive.}
33. Be1 Qg7 34. Bd2 Bf4 35. Be3 Bxe3 (35... Ra7 $44) 36. Nxe3 Ra7 37. Nc2 Rba8
38. Qd2 {[#]} Ba4 $1 {[%mdl 128] This is the signal for the direct ->.} 39.
bxa4 b3 (39... Nxa4+ 40. Rxa4 (40. Kc1 b3) 40... Rxa4 41. Kb3 Qa7 $36 {was
also dangerous.}) 40. a5 (40. Na3) 40... Kh7 $4 {This move is hard to
understand.} (40... bxc2 $19 {was as good as winning!}) 41. Nb4 Rxa5 42. Rxa5
Rxa5 43. Ra1 Na4+ 44. Rxa4 (44. Kxb3 $2 Nc5+ 45. Kb2 Rxa1 $19) 44... Rxa4 45.
Kxb3 Qa7 46. Nc2 Ra2 47. Qb4 (47. Bd1 Qa4+ 48. Kc3 Qa5+ 49. Kd3 {looked better.
}) 47... Ra6 48. Kc3 Rb6 49. Qa3 Ra6 50. Qb4 Rb6 51. Qa3 Ra6 52. Qc1 Rb6 53.
Bd1 Qa5+ 54. Kd3 Rb3+ 55. Ke2 Qc3 {Now Black's pieces are again very
frightening.} 56. Kf2 Qxc4 57. Qg5 Rd3 58. Qe7+ Kg8 59. Qe6+ Kg7 60. Qe7+ Kg8
61. Qe8+ 1/2-1/2

[Event "Liepajas Rokade"]
[Site "Liepaja"]
[Date "2004.08.01"]
[Round "12"]
[White "Khalifman, Alexander"]
[Black "Fridman, Daniel"]
[Result "1/2-1/2"]
[WhiteElo "2669"]
[BlackElo "2590"]
[Annotator "Huzman,A"]
[PlyCount "58"]
[EventDate "2004.07.30"]
[EventType "tourn (rapid)"]
[EventRounds "13"]
[EventCountry "LAT"]
[EventCategory "11"]
[SourceTitle "CBM 103"]
[Source "ChessBase"]
[SourceDate "2004.11.11"]
[SourceVersion "1"]
[SourceVersionDate "2004.11.11"]
[SourceQuality "1"]

1. e4 e5 2. Nf3 d6 3. d4 exd4 4. Nxd4 Nf6 5. Nc3 Be7 6. g3 d5 7. e5 Ng4 8. Bf4
g5 9. e6 h5 (9... Nxf2 10. Qh5 O-O 11. Kxf2 fxe6 12. Bd3 Rf7 13. Nf3 gxf4 14.
gxf4 Nc6 15. Rhg1+ Kf8 16. Qh6+ Ke8 17. Rg8+ Bf8 18. Qh5 $40 {1-0 Gasanov,
E-Ivanov,A/Kharkov 2001/EXT 2002 (29)}) 10. exf7+ (10. h3 Nxf2 (10... fxe6 11.
hxg4 gxf4 12. Qd3 fxg3 13. Qg6+ Kf8 14. fxg3 Qe8 15. Nxe6+ Bxe6 16. Qxe6 Bd6
17. Qxe8+ Kxe8 18. O-O-O Bxg3 19. Nxd5 $16 {1/2-1/2 Palkovi,J-Stangl,M/
Balatonbereny 1996/CBM 55 (50)}) 11. Kxf2 (11. Qf3 gxf4 12. Qxf2 (12. exf7+ $1
Kxf7 $5 (12... Kf8 13. Kxf2 fxg3+ 14. Kg2 $40) 13. Qxf2 (13. Qxf4+ Kg7 14. Qxf2
Rf8 $13) 13... Bf6 14. Qxf4 Kg7 $13) 12... Bxe6 $1 13. O-O-O (13. Nxe6 fxe6 14.
Qxf4 Qd6 $17) 13... fxg3 14. Qxg3 Qd6 $17) (11. exf7+ $1 Kf8 (11... Kxf7) 12.
Kxf2 gxf4 13. gxf4 $13) 11... gxf4 12. Be2 c5 (12... Bf6 13. gxf4 fxe6 14.
Bxh5+ Kf8 15. Bg4 $40 {1-0 Yurtaev,L-Okhotnik,V/Lyngby 1990/EXT 97 (24)}) 13.
Nf5 Bxe6 14. Ng7+ Kf8 15. Nxe6+ fxe6 16. Bxh5 Bh4 17. Bg4 Bxg3+ $17 {1/2-1/2
Delabaca,R-Seel,C/Cannes 2001/EXT 2003 (26)}) 10... Kxf7 (10... Kf8 11. Bc1 Nc6
12. Bg2 Bc5 13. Be3 Nxe3 14. fxe3 Bxd4 15. exd4 Bg4 16. Qd3 Nb4 17. Qd2 Qe7+
18. Kf2 h4 (18... Qxf7+ $1 19. Kg1 Qg6 20. Nxd5 (20. Bxd5 Nxd5 21. Nxd5 Kg7 $44
) 20... Nxd5 21. Bxd5 Kg7 22. Re1 Rae8 $44 23. Kg2 $140 Qf5 $17) 19. Rhf1 $1
$40 {1-0 Dominguez,L-Luther,T/Havana CUB 2004/(26)}) 11. Bc1 Bc5 12. Bg2 (12.
Be2 Qf6 13. Be3 c6 14. O-O Kg8 15. Na4 Bd6 16. c4 Nxe3 17. fxe3 Qe5 18. Qd3 $16
) 12... Re8+ (12... Nc6 13. Be3 Nxe3 (13... Bxd4 $5 14. Bxd4 Re8+ 15. Ne2 (15.
Kf1 Nxd4 16. Qxd4 c6 $11) 15... Nxd4 16. Qxd4 c6 $11) 14. fxe3 Bxd4 15. exd4
Re8+ 16. Kd2 Bg4 17. Qg1 Kg7 18. Rf1 $16 {0-1 Van Delft,M-Sandipan,C/Amsterdam
NED 2004/(33)}) 13. Nce2 c6 (13... Nc6 14. O-O Kg7 15. c3 h4 (15... Nce5 16. f3
Nh6 17. f4 $1 $40) 16. h3 Nge5 17. gxh4 $1 gxh4 (17... g4 18. Bg5 $16) 18. Nf4
$40 {[%csl Rg7]}) 14. O-O Qf6 15. c3 {White has a clear advantage due to the
weak position of the Kf7.} (15. f4 $5 Kg8 16. fxg5 Qe7 17. Kh1 Ne3 18. Bxe3
Qxe3 $44) 15... Nh6 16. Qd2 (16. Be3 $1 {[%cal Gd1d2,Gd2h6]} Kg7 17. Qd2 (17.
Nb5 $5 Rxe3 (17... Bxe3 18. Nc7 $1 Qe5 19. Nxe8+ Qxe8 20. fxe3 Qxe3+ 21. Kh1
$16) 18. fxe3 Qe5 19. Nbd4 Qxe3+ 20. Kh1 Ng4 21. Qe1 $14) 17... Nf7 18. Rae1
$16 {[%cal Gf2f4]}) 16... Bg4 (16... Kg6 17. h4 $1 Nf7 18. hxg5 Nxg5 19. Nf4+
$18) 17. h3 (17. f3 $5 Bd7 18. Kh1 Bf8 19. f4 g4 20. f5 $36) 17... Bxe2 18.
Nxe2 Nf5 19. Bf3 Kg6 $2 {[%mdl 8192]} (19... Nxg3 $1 20. Bxd5+ (20. Nxg3 Qxf3
21. Qxg5 Rg8 $19) 20... cxd5 21. Qxd5+ Qe6 22. Qxe6+ Rxe6 23. Nxg3 Kg6 $44) (
19... Ng7 20. Kg2 Re5 21. b4 Bd6 22. Bb2 $16) 20. Qd3 Kg7 21. Bxh5 $16 Rh8 22.
Bg4 Nh6 23. Nd4 Bxd4 24. Qxd4 Qxd4 25. cxd4 Nxg4 26. hxg4 Kg6 27. Bd2 (27. Re1
$1 Nd7 28. Re7 Nf6 29. Re5 $16) 27... Nd7 28. Rae1 Nf6 29. f3 Rh3 ({White
still has a big advantage in the final position.} 29... Rh3 30. Re5 Rah8 31.
Rxg5+ Kf7 32. Kf2 Rh2+ 33. Ke3 Rg2 34. Rf2 Rxg3 35. Rf5 Kg6 36. Kf4 Rhh3 37.
Ke5 $16 {But probably because of lack of time he decided to agree for a draw.})
1/2-1/2

[Event "Olympiad-36"]
[Site "Mallorca"]
[Date "2004.10.18"]
[Round "4"]
[White "Khalifman, Alexander"]
[Black "Volokitin, Andrei"]
[Result "1/2-1/2"]
[WhiteElo "2669"]
[BlackElo "2652"]
[Annotator "Kapengut"]
[PlyCount "39"]
[EventDate "2004.10.15"]
[EventType "team-swiss"]
[EventRounds "14"]
[EventCountry "ESP"]
[SourceTitle "CBM 104"]
[Source "ChessBase"]
[SourceDate "2005.01.27"]
[SourceVersion "1"]
[SourceVersionDate "2005.01.27"]
[SourceQuality "1"]
[WhiteTeam "Russia"]
[BlackTeam "Ukraine"]
[WhiteTeamCountry "RUS"]
[BlackTeamCountry "UKR"]

1. d4 Nf6 2. Nf3 e6 3. c4 c5 4. d5 d6 5. Nc3 exd5 6. cxd5 g6 7. e4 a6 8. h3 b5
9. Bd3 Bg7 10. O-O O-O 11. Bf4 {With a different order of moves this position
occurred enough frequently. White does not want to enter theoretical
discussions and allows the << expansion to fight for an opening advantage.} Qe7
12. e5 $6 $146 {This is not entirely convincing novelty.} ({More usual is} 12.
Re1 Nbd7 (12... Nfd7 13. Qd2 (13. Bf1 $5 Ne5 14. Nxe5 Bxe5 15. Bxe5 Qxe5 16.
Qd2 g5 $13) 13... f6 14. Bf1 Ne5 15. Nxe5 fxe5 16. Be3 Nd7 17. a4 b4 18. Nd1
Ra7 19. b3 a5 20. Nb2 Nb6 21. Nc4 Nxc4 22. Bxc4 Qd8 (22... Bf6 $2 23. Bxc5 $1
$16 {Staniszewski,P-Dejkalo,S/Poland 1986}) 23. Rf1 Raf7 $132) 13. Rc1 Bb7 14.
b3 Nh5 15. Be3 (15. Bh2 Bh6) (15. Bg5 $5) 15... Rae8 16. Qd2 Ne5 17. Be2 $2 (
17. Nxe5 Bxe5 18. f4 Bd4 19. Bxd4 cxd4 20. Ne2 Qh4 $13) 17... f5 $2 (17... b4
$1 18. Na4 Nf6 $17 {Graf,A}) 18. Nxe5 f4 (18... Bxe5 19. exf5 Rxf5 20. Bg4 $1)
19. Nc6 Bxc6 20. Bxc5 Bd7 21. Bxh5 dxc5 (21... gxh5 $11 {Graf,A}) 22. Bf3 Be5
$2 (22... b4 $5 $44 {/\ 23...Qd6 /\ 24...Be5, 24...Bd4}) 23. d6 Qg5 24. Nd5 $18
{Graf,A-Marin,M/Espana 2003[Marin,M]}) 12... dxe5 13. Bxe5 Bb7 (13... Nbd7 14.
d6 Qd8 15. Be4 (15. Bg3 Bb7 16. Re1 c4 17. Bc2 Qb6 $15) 15... Rb8 16. Bc6 Nxe5
17. Nxe5 Nd7 18. Nxd7 Bxd7 19. Bxd7 (19. Qd5 $6 Be6 20. Qxc5 Qb6 $17) 19...
Qxd7 20. Qd5 Rb6 21. Rad1 (21. Qxc5 Rc6 22. Qe3 Re8 23. Qf3 Qxd6 $15) 21... Rd8
22. Ne4 c4 (22... Bxb2 $6 23. Qxc5 Rc6 24. Qe3 f5 25. Nc5 $14) 23. b4 Qf5 24.
d7 Qxd5 25. Rxd5 f5 26. Nc5 $11) 14. d6 (14. Re1 Qd8 15. Ne4 Nxe4 16. Bxe4 f5
17. Bxg7 Kxg7 18. Bc2 Qxd5 19. Re7+ Rf7 20. Qe1 Nc6 21. Qc3+ Kg8 (21... Nd4 $6
22. Bb3 Qxb3 23. axb3 Rxe7 24. b4 $14) 22. Rxf7 Qxf7 23. Qxc5 Na5 24. Ne5 Qf6
$132) 14... Qd7 (14... Qd8 15. Bxf6 Qxf6 16. Be4 Nc6 17. Qd2 Rfd8 18. Rad1 $132
) 15. Re1 Rd8 (15... Nc6 16. Bxf6 $5 Bxf6 17. Ne4 {[%csl Gd6][%cal Ge4f6,Ge4c5]
} Qf5 18. a4 Nb4 $5 19. axb5 Bxb2 20. Rb1 Nxd3 21. Qxd3 Bg7 22. b6 Rfd8 $132
23. Rbd1 (23. Nfd2 $140 $6 Bd4 $15) 23... Rab8 24. d7 (24. Qc4 $140 $6 Bxe4 25.
Rxe4 Rxb6 $15) 24... Bc6 25. Qc4 (25. Qd6 $140 $6 Bxe4 26. Nh4 Qxd7 $1 27. Qxd7
Rxd7 28. Rxd7 Bc6 $17) 25... Rxd7 26. Rxd7 Qxd7 27. Qxc5 Qd5 $15) 16. Rc1 c4
17. Ne4 (17. Bf1 Nc6 18. a4 Rab8 (18... Nxe5 19. Nxe5 Qf5 20. axb5 Ne4 21. Nxe4
Bxe5 22. Nc5 Bd5 23. bxa6 Bxd6 24. Nb7 Bxb7 25. axb7 Rab8 26. Qc2 $14) 19. Bxf6
Bxf6 20. axb5 axb5 21. Nxb5 Na5 22. b4 cxb3 23. Ne5 Qf5 24. Rc5 Qf4 25. g3 Qb4
26. Nd3 Qa4 27. Ne5 $11) 17... Bxe4 18. Bxe4 Nxe4 19. Rxe4 Bxe5 20. Rxe5 (20.
Rxe5 Nc6 21. Re3 Kg7 (21... Qxd6 $140 $4 22. Re8+ $18) 22. b3 Qxd6 23. Qxd6
Rxd6 24. bxc4 $11) 1/2-1/2

[Event "Keres Memorial rap2"]
[Site "Tallinn"]
[Date "2004.11.27"]
[Round "5"]
[White "Anand, Viswanathan"]
[Black "Khalifman, Alexander"]
[Result "1-0"]
[WhiteElo "2781"]
[BlackElo "2669"]
[Annotator "Finkel,A"]
[PlyCount "93"]
[EventDate "2004.11.26"]
[EventType "tourn (rapid)"]
[EventRounds "5"]
[EventCountry "EST"]
[EventCategory "14"]
[SourceTitle "CBM 105"]
[Source "ChessBase"]
[SourceDate "2005.04.11"]
[SourceVersion "1"]
[SourceVersionDate "2005.04.11"]
[SourceQuality "1"]

1. e4 e6 2. d4 d5 3. Nc3 dxe4 4. Nxe4 Nd7 5. g3 Ngf6 6. Nxf6+ Qxf6 {This game
was played in the last round of the tournament and Khalifman needed to get a
full point wit the black pieces in order to catch up with Vishy. It might
explain his a bit freaky" opening style} (6... Nxf6) 7. Nf3 (7. Bg2 e5 (7... c5
8. Nf3 cxd4 9. O-O Bc5 10. Ng5 O-O 11. Be4 g6 12. Bg2 a6 13. Ne4 Qg7 14. Bd2
Be7 15. Qc1 $44 {Balla,Z-Foldes,G/Temesvar 1912}) (7... Bd6 8. Nf3 (8. Ne2 e5
9. O-O O-O 10. Nc3 exd4 11. Ne4 Qg6 12. Qxd4 Be5 13. Qe3 Nf6 14. f4 Ng4 15. Qd3
Qb6+ 16. Kh1 Bd4 17. f5 $36 {Beliavsky,A-Vaganian,R/Tilburg 1993}) 8... O-O (
8... h6 9. O-O O-O 10. c4 c6 11. Be3 e5 12. d5 c5 13. Qc1 Re8 14. Nd2 $14 {
Zatonskih,A-Arribas,M/New Delhi 2000}) 9. O-O Rb8 (9... e5 10. Re1 (10. Bg5 Qf5
11. Be3 exd4 12. Nxd4 Qf6 13. Nb5 Be5 14. c3 a6 15. Na3 Nb6 16. Qe2 $14 {
Wittmann,W-Galavics,H/Oberwart 2001}) 10... exd4 11. Bg5 Qf5 12. Qxd4 Qxc2 13.
Rac1 Qg6 14. Be7 Bxe7 15. Rxe7 $44 {Tosic,M-Skembris,S/Vrnjacka Banja 1982})
10. Ng5 h6 11. Ne4 Qe7 12. Nxd6 cxd6 13. Bf4 b5 14. Qd3 Nf6 $15 {Van de
Oudeweetering,A-Bohm,H/Netherlands 1993}) 8. Qe2 $1 (8. Ne2 Bd6 9. O-O O-O 10.
Nc3 exd4 11. Ne4 Qg6 12. Qxd4 Be5 13. Qd5 Re8 14. Rd1 Nf6 $11 {Kostic,
V-Skembris,S/Vrnjacka Banja 1981}) 8... Qe7 9. dxe5 Qxe5 10. Bf4 Qxe2+ 11. Nxe2
c6 12. O-O-O $14 {Georgiev,K-Kurajica,B/Sarajevo 1998}) 7... Bd6 {Under the
different circumstance Khalifman would've probably opted for a safer option:} (
7... h6 $5 8. Bg2 Bd6 9. O-O O-O 10. Be3 e5 $11) 8. Bg5 Qf5 9. Bd3 Qa5+ 10. Bd2
(10. Qd2 Qxd2+ 11. Bxd2 b6 12. Be4 Rb8 13. O-O-O Bb7 $11) 10... Qb6 11. Qe2 $5
{White is ready to sacrifice a pawn for the initiative.} c5 ({In my opinion} 
11... Qxb2 $5 {would've been the most logical continuation, taking into
account black's opening strategy. It's obvious that white has very strong
initiative in that case, but black's position is a rock-solid.} 12. O-O Qa3 13.
c4 O-O 14. Rfb1 c5 $13) 12. Bc3 cxd4 13. Bxd4 (13. Nxd4 O-O $11) 13... Qa5+ 14.
c3 $6 {Overestimating his chances Anand decides to keep the dark-squared
bishops on the board. Better was} (14. Bc3 $5 Bb4 15. Bxb4 Qxb4+ 16. c3 Qb6 17.
O-O {with a minimal edge.}) 14... e5 {Black succeeded to get the kind of
position he was looking for to play for a win!} 15. O-O-O O-O 16. Be3 Nf6 17.
Bb1 $6 {Obviously missing 17...Ba3! May be white should play} (17. Bg5 {
forcing black to sacrifice a pawn} e4 18. Bxe4 (18. Bxf6 $6 exd3 19. Qxd3 Bc5
20. Bd4 (20. Ng5 $2 Bf5 21. Qxf5 Be3+ $19) 20... Bxd4 21. Nxd4 Qxa2 $15) 18...
Nxe4 19. Qxe4 Bc5 $44 {however black's doing just great after the sac.}) 17...
Be7 $2 {Not taking the chance.} ({The strange thing is that after} 17... Ba3
$142 $1 {I didn't manage to find a satisfactory defense for white!} 18. Qc2 {
Probably the best chance since after both 18.Bd2 and 18.b:a3 white is on the
verge of losing:} (18. Bd2 e4 19. Ng5 Bg4 20. f3 exf3 21. Nxf3 Rfe8 $17) (18.
bxa3 Bg4 $1 19. h3 (19. Kb2 e4 20. Bxe4 Nxe4 21. Bd4 Qf5 $19) 19... Qxc3+ 20.
Bc2 Bxf3 21. Qxf3 Rac8 22. Qe2 Qa1+ 23. Kd2 Rxc2+ 24. Kxc2 Qxa2+ $19) 18... Bg4
19. Nd2 Bxd1 20. Rxd1) 18. Bg5 h6 19. h4 Be6 $6 {Going for an edngame with a
pawn dawn is anything, but not a winning attempt.} (19... hxg5 $2 20. hxg5 Ng4
21. Bh7+ Kh8 22. Bf5+ Kg8 23. Bxg4 Bxg4 24. Qe4 $18) (19... Bg4 $2 20. Bxf6
gxf6 21. Qc2 f5 22. Nh2 Bh5 23. g4 $18) (19... Re8 $142 $5 20. Bxf6 Bxf6 21.
Qe4 g6 22. g4 {[%cal Gh4h5]} Bg7 23. h5 f5 $1 24. Qe2 fxg4 25. Nd2 $36 {
[%csl Rg8][%cal Gd2e4]}) 20. Qxe5 Qxe5 21. Nxe5 hxg5 22. hxg5 Rfd8 $6 ({
Much better for black was} 22... Ne8 $5 {but white could've forced a draw by
pepetual in that case, so Khalifman decides to play on being a pawn down.} 23.
f4 $5 (23. Bh7+ Kh8 24. Bf5+ Kg8 25. Bh7+ $11 (25. Bxe6 fxe6 26. Ng6 Bxg5+ 27.
f4 Bh6 28. Nxf8 Kxf8 29. Rd7 Nf6 $13) (25. Ng6 Bxg5+ 26. f4 Bh6 27. Bxe6 fxe6
28. Nxf8 Kxf8 $13)) 23... g6 24. Rh6 Kg7 25. Bxg6 $1 Bd6 26. Be4 Rh8 (26... Rg8
27. Rh7+ Kf8 28. g6 $16) 27. Rdh1 Rxh6 28. gxh6+ Kh8 29. Bxb7 Rb8 $14) 23. gxf6
Bxf6 24. Rde1 Bd5 25. Bh7+ Kf8 26. Be4 $1 $18 {The rest of the game is quite
instructive: pay attention to Anand's knight manouvres!} g6 (26... Bxe5 27.
Bxd5 Rxd5 28. Rh8+ $18) 27. Bxd5 Rxd5 28. Ng4 $5 Bg7 29. Rd1 Rad8 30. Ne3 $1
R5d6 (30... Rxd1+ 31. Rxd1 Rc8 32. Rd7 $18) 31. Nc4 Rd5 32. Na5 Rxd1+ 33. Rxd1
Rxd1+ 34. Kxd1 b6 35. Nc6 a5 36. Kc2 Ke8 37. Kd3 Kd7 38. Nd4 Kd6 39. Kc4 Bf6
40. Kb5 Bd8 41. Nc6 Bc7 42. c4 f5 43. f4 Ke6 44. b3 g5 45. Nd4+ Kf6 46. fxg5+
Kg6 47. Nf3 1-0